000 02367cam a22004934i 4500
003 PE-LiUPU
005 20250731184511.0
008 150617s r 000 0 d
035 _a(Sirsi) a16385
040 _aPE-LiUPU
_bspa
_cPE-LiUPU
_erda
049 _aPRUA
082 0 4 _a985.001
_bR616e
_221
100 _aRiva-Agüero y Osma, José de la,
_d1885-1944
_eautor.
_92249
245 1 0 _aEstudios de Historia Peruana :
_bLa conquista y el virreinato /
_cJosé de la Riva-Agüero ; prólogo de Guillermo Lohmann Villena, recopilación y notas de César Pacheco Vélez.
264 1 _aLima :
_bPontificia Universidad Católica del Perú,
_c1968.
300 _a470 páginas ;
_c24 centímetros.
336 _atext
_2rdacontent
337 _aunmediated
_2rdamedia
338 _avolume
_2rdacarrier
490 0 _a(Obras completas de José de la Riva-Agüero ;
_v6)
490 0 _a(Publicaciones del Instituto Riva-Agüero ;
_v54)
505 0 _aAdministración de la colonia -- Polémica histórica sobre el Inca Garcilaso -- El testamento de don Pedro Peralta -- Descripción anónima del Perú y Lima del judío portugués -- El Perú de 1549 a 1564 -- La historia de España y el Perú -- La Atlántida -- Los precursores de Colón -- Los franciscanos en el Perú y las misiones de Ocopa -- Sevilla, cuna de la América Española -- El Cuzco histórico -- En el día de la raza -- El local del municipio limeño -- Las actas del antiguo cabildo de Lima -- Algunas reflexiones sobre la época española en el Perú -- Lima española -- Arte peruano colonial -- El derecho en el Perú -- Francisco Pizarro.
526 _aP136
526 _aP135
526 _aP134
526 _aP133
526 _aP144
526 _aP143
526 _aP87
526 _aP35
526 _aP20
526 _aP14
526 _aP10
526 _aP06
651 1 8 _aPerú
_xHistoria
_yDescubrimiento y Conquista.
_92270
_2embne
651 1 8 _aPerú
_xHistoria
_yVirreynato.
_92271
_2embne
700 _aLohmann Villena, Guillermo,
_d1915-2005
_92272
700 _aPacheco Vélez, César,
_d1929-1989.
_92256
910 _ajck
942 _2ddc
_cBK
949 _a868 D34
_wDEWEY
_c1
_i08293
_lCCODEBUL1
_mBUL
_r0
_sY
_tBOOK
_u2015-04-21
_xBIBLIOTECA
_zUNKNOWN
_0COMPRA
_o.STAFF. Colección General
980 _81
_gALBERTO SANCHEZ Responsable de Automatización
999 _c12706
_d12706